Ярмарка тщеславия: роман без героя: в 2 т.; пер. с англ.

Bibliographic Details
Main Author: Теккерей У. М. Уильям Мейкпис
Language:Russian
Published: Москва, Правда, 1982
Format: MixedMaterials Book
KOHA link:https://koha.lib.tpu.ru/cgi-bin/koha/opac-detail.pl?biblionumber=107181

MARC

LEADER 00000nam1a2200000 4500
001 107181
005 20231101214720.0
035 |a (RuTPU)RU\TPU\book\115723 
035 |a RU\TPU\book\101244 
090 |a 107181 
100 |a 20061220d1982 m y0rusy50 ca 
101 1 |a rus  |c eng 
102 |a RU 
200 1 |a Ярмарка тщеславия  |e роман без героя: в 2 т.  |e пер. с англ.  |f В. М. Теккерей 
210 |a Москва  |c Правда  |d 1982 
700 1 |a Теккерей  |b У. М.  |c английский писатель  |f 1811-1863  |g Уильям Мейкпис  |2 stltpush  |3 (RuTPU)RU\TPU\pers\9285  |9 1840 
801 1 |a RU  |b 63413507  |c 20060412  |g PSBO 
801 2 |a RU  |b 63413507  |c 20160514  |g PSBO 
942 |c BK